000 00626nam a2200277Ia 4500
005 20260324145528.0
008 008 260324s9999 xx 000 0 eng d
020 _a9781315122496
037 _aEBOOK
040 _aCRL
040 _beng
040 _cCRL
041 _2eng
041 _aeng
084 _qCRL
100 _aAlan J. Baker
_91223279
245 0 _aBusiness Decision Making
260 _bTaylor and Francis
260 _c1981
365 _a
365 _b205
856 _uhttp://www.taylorfrancis.com/books/9781315122496
942 _cEBOOK
999 _c1831318
_d1831318